El Tabaquisme a Catalunya : informe informe
Publicado:
Barcelona :
Generalitat de Catalunya, Departament de Sanitat i Seguretat Social, Direcció General de Promoció de la Salut ,
1983
Descripción Física:
390 p. ; 23 cm
Colección:
Informes tècnics. Sèrie promoció de la salut
Otros Autores:
Catalunya. Direcció General de Promoció de la Salut
Materias:
Tabac -- Efectes fisiològics
MARC
| LEADER | 00000nam a2200000Ia 4500 | ||
|---|---|---|---|
| 001 | 1399 | ||
| 008 | 160829s1983 xx 000 0 cat d | ||
| 080 | |a C-1-305 | ||
| 245 | |a El Tabaquisme a Catalunya : |b informe | ||
| 260 | |a Barcelona : |b Generalitat de Catalunya, Departament de Sanitat i Seguretat Social, Direcció General de Promoció de la Salut, |c 1983 | ||
| 300 | |a 390 p. ; |c 23 cm | ||
| 490 | |a Informes tècnics. Sèrie promoció de la salut | ||
| 650 | |a Tabac |x Efectes fisiològics |9 31502 | ||
| 700 | |a Catalunya. Direcció General de Promoció de la Salut |9 36966 | ||
| 901 | |a Arxiu | ||
| 942 | |n 1 | ||
| 952 | |0 0 |1 0 |4 0 |6 C1305 |7 1 |9 41329 |a Arxiu |b Arxiu |d 2016-12-01 |l 0 |o C-1-305 |p 1399 |r 2016-12-01 00:00:00 |w 2016-12-01 |y ARXIU | ||
| 999 | |c 43137 |d 43137 | ||